عرض عادي
عرض مارك
- Center for the Advancement of Process Technology.
مدخل إسم هيئة
001 - رقم الضبط
- حقل الضبط: 17316
003 - معرف رقم الضبط
- حقل الضبط: OSt
005 - تاريخ ووقت أخر عملية
- حقل الضبط: 20120919095724.0
008 - عناصر بيانات ثابتة الطول
- حقل تحكم ثابت الطول: 120919|||a|||||| | ||| d
040 ## - مصدر الفهرسة
- هيئة الفهرسة الأصلية: OSt
- وكالة الكتابة: OSt
110 ## - مدخل -- أسم شخص
- اسم الهيئه او اسم السلطه كعنصر مدخل: Center for the Advancement of Process Technology.
670 ## - بيانات المصدر موجوده
- الاستشهاد بالمصدر: Work cat.: (OSt)0: Process quality /, c2011.
